Guess the Taylor Swift song by Lyric (Folklore) - Statistics

General Stats
  • This quiz has been taken 130 times
  • The average score is 14 of 17
Answer Stats
Hint Answer % Correct
Having adventures on your own, You meet some woman on the internet and take her home The 1
92%
Free of women with madness, their men and bad habits, And then it was bought by me The Last Great American Dynasty
92%
And I think you should come live with, Me and we can be pirates, Then you won't have to cry, Or hide in the closet Seven
91%
I'd curse you for the longest time, Chasin' shadows in the grocery line Cardigan
90%
Your back beneath the sun, Wishin' I could Write my name on it, Will you call when you're back at school August
89%
Tell your friends you're out for a run, You'll be flushed when you return, Take the road less traveled by, Tell yourself you can always stop Illicit Affairs
89%
Burned the disco down, When they sent home the horses, And the rodeo clowns, I'm still on that tightrope Mirrorball
89%
Your favorite song was playing, From the far side of the gym, I was nowhere to be found Betty
86%
You ate at my favorite spot for dinner, Bold was the waitress on our three year trip, Getting lunch down by the lake Invisible String
86%
Second, third, and hundredth chances, Balancin' on breaking branches, Those eyes add insult to injury Exile
81%
You know I didn't want to have to haunt you, But what a ghostly scene, You wear the same jewels that I gave you My Tears Ricochet
81%
And it's hard to be at a party when I feel like an open wound, It's hard to be anywhere these days when all I want is you This is Me Trying
81%
I want auroras and sad prose, I want to watch wisteria grow right over my bare feet, 'Cause I haven't moved in years The Lakes
79%
Something med school did not cover, Someone's daughter, someone's mother, Holds your hand through plastic now Epiphany
78%
You knew it still hurts underneath my scars, From when they pulled me apart, You knew the password, so I let you in the door Hoax
77%
Sit with you in the trenches, Give you my wild, give you a child, Give you the silence that only comes when two people understand each other Peace
77%
Now I breathe flames each time I talk, My cannons all firin' at your yacht, They say, "Move on", but you know, I won't Mad Woman
76%
No matching quizzes found
Score Distribution
Percent of People with Each Score
Percentile by Number Answered
Your Score History
You have not taken this quiz